00837cam a2200253 i 4500999001500000001000600015003000900021005001700030008004100047020001500088040004400103082002400147100001900171245010100190250001200291264004200303300002300345650002700368650001600395700001900411700001900430942001200449952012200461 c1686d168615352BD-DhUAP20210124100254.0200212s2005 ii v 001 0 eng d a8171771734 aDKAGEbengcDKAGEdOCLCOdBD-DhUAPerda04a347.0350954 GOY2231 aGoyles, L. C. 10aGoyle's Supreme Court guide to words & phrases /cL. C. Goyles, H. K. Saharay and M. S. Saharay. a4th ed. 1aKolkata :bEastern Law House,cc2005. a365 pages ;c25 cm 0aSupreme Court.zIndia. 0aLawzIndia. aSaharay, H. K. aSaharay, M. S. 2ddccBK 00102ddc4070aUAPCLbUAPCLcGeneral Stacksd2020-02-12o347.0350954 GOYp3010015352r2020-02-12t1w2020-02-12yBK